[Event "GER MS-281 email"]
[Site "GER email"]
[Date "2018.05.24"]
[Round "?"]
[White "Friedrich, Gerhard"]
[Black "Preusse, Goetz"]
[Result "1-0"]
[WhiteElo "1975"]
[BlackElo "1885"]
[PlyCount "65"]
[EventDate "2018.06.12"]
[EventType "tourn (corr)"]
[EventRounds "6"]
[EventCountry "GER"]
[SourceTitle "Corr 2020"]
[Source "ChessBase"]
[SourceDate "2019.09.30"]
[SourceVersion "1"]
[SourceVersionDate "2019.09.30"]
[SourceQuality "1"]

1. e4 e6 2. d4 d5 3. Nd2 Nf6 4. e5 Nfd7 5. Bd3 c5 6. c3 Nc6 7. Ne2 cxd4 8. cxd4 f6 9. Nf4 Qe7 10. Nf3 fxe5 11. dxe5 Ndxe5 12. Nxe5 Nxe5 13. Qh5+ Nf7 14. 0-0 g6 15. Qe2 Bd7 16. Re1 Bg7 17. Nxd5 Qd8 18. Nf4 0-0 19. Bc4 Qf6 20. Be3 Rfe8 21. Bb3 Qxb2 22. Qf3 Bc6 23. Qh3 Qf6 24. Rad1 Ng5 25. Qg4 h5 26. Qe2 Rac8 27. Bc1 Nh7 28. Nxe6 Kh8 29. Qd2 Qc3 30. Nxg7 Rxe1+ 31. Rxe1 Qxd2 32. Bxd2 Kxg7 33. Re7+ 1-0

[Event "GER rap14 FSM/V01 email"]
[Site "GER email"]
[Date "2017.03.22"]
[Round "?"]
[White "Krebs, Juergen"]
[Black "Preusse, Goetz"]
[Result "1-0"]
[WhiteElo "2065"]
[BlackElo "1823"]
[PlyCount "85"]
[EventDate "2017.03.27"]
[EventType "tourn (corr)"]
[EventRounds "4"]
[EventCountry "GER"]
[SourceTitle "Corr 2020"]
[Source "ChessBase"]
[SourceDate "2019.09.30"]
[SourceVersion "1"]
[SourceVersionDate "2019.09.30"]
[SourceQuality "1"]

1. e4 Nf6 2. e5 Nd5 3. d4 d6 4. Nf3 Bg4 5. Be2 e6 6. 0-0 Be7 7. c4 Nb6 8. Nc3 0-0 9. Be3 d5 10. c5 N6d7 11. b4 a6 12. Ne1 Bxe2 13. Qxe2 f6 14. Qg4 f5 15. Qg3 Nc6 16. Nd3 Re8 17. Bh6 Bf8 18. Ne2 b6 19. h4 Qe7 20. Bd2 Rab8 21. h5 Qf7 22. Qh3 Be7 23. Rfc1 bxc5 24. bxc5 Rb5 25. a3 Rb3 26. Rc3 Rb7 27. Nb4 Nxb4 28. axb4 Rxb4 29. Rg3 Bxc5 30. dxc5 Re4 31. Bh6 Rg4 32. Bf4 Rxg3 33. Nxg3 Qe7 34. c6 Nc5 35. Ne2 Rb8 36. Qa3 Rb3 37. Qa2 Rb8 38. Rb1 Qe8 39. Be3 Rxb1+ 40. Qxb1 Qxc6 41. Qb8+ Kf7 42. h6 gxh6 43. Qh8 1-0

[Event "GER rap14 FSM/V01 email"]
[Site "GER email"]
[Date "2017.03.22"]
[Round "?"]
[White "Preusse, Goetz"]
[Black "Hinz, Horst"]
[Result "0-1"]
[WhiteElo "1823"]
[BlackElo "2025"]
[PlyCount "58"]
[EventDate "2017.03.27"]
[EventType "tourn (corr)"]
[EventRounds "4"]
[EventCountry "GER"]
[SourceTitle "Corr 2020"]
[Source "ChessBase"]
[SourceDate "2019.09.30"]
[SourceVersion "1"]
[SourceVersionDate "2019.09.30"]
[SourceQuality "1"]

1. e4 e5 2. Nf3 Nc6 3. Bc4 Nf6 4. d3 Bc5 5. c3 d6 6. Bb3 a6 7. 0-0 0-0 8. h3 Ba7 9. Nbd2 h6 10. Re1 Na5 11. Bc2 c5 12. Nf1 Nc6 13. Ne3 Be6 14. Bb3 b5 15. Bxe6 fxe6 16. a4 b4 17. Bd2 Nh5 18. Nc4 Nf4 19. Bxf4 Rxf4 20. Qb3 Rxf3 21. gxf3 Qh4 22. Kg2 Rf8 23. Ne3 Qg5+ 24. Kf1 Qf6 25. Qd1 Qh4 26. Kg2 Ne7 27. Qb3 d5 28. exd5 Ng6 29. dxe6 Nf4+ 0-1

[Event "GER rap13 FSM/V02 email"]
[Site "GER email"]
[Date "2016.12.04"]
[Round "?"]
[White "Preusse, Goetz"]
[Black "Hinz, Horst"]
[Result "0-1"]
[WhiteElo "1905"]
[BlackElo "2080"]
[PlyCount "70"]
[EventDate "2016.12.09"]
[EventType "tourn (corr)"]
[EventRounds "4"]
[EventCountry "GER"]
[SourceTitle "Corr 2022"]
[Source "ChessBase"]
[SourceDate "2021.10.24"]
[SourceVersion "1"]
[SourceVersionDate "2021.10.24"]
[SourceQuality "1"]

1. e4 c5 2. c3 Nf6 3. e5 Nd5 4. d4 cxd4 5. Nf3 Nc6 6. cxd4 d6 7. Bc4 dxe5 8. dxe5 Be6 9. Qe2 Qc7 10. 0-0 g6 11. Bd2 Bg7 12. Nc3 Rd8 13. Nb5 Qb8 14. a4 0-0 15. Ng5 Bxe5 16. Nxe6 fxe6 17. Kh1 a6 18. Nc3 Nd4 19. Qg4 Rf5 20. Nxd5 exd5 21. Bd3 Rf7 22. f4 Bg7 23. Bc3 Nf5 24. Bxg7 Kxg7 25. Rae1 Qd6 26. Qe2 d4 27. Bxf5 Rxf5 28. Qxe7+ Qxe7 29. Rxe7+ Kf6 30. Rc7 d3 31. g3 g5 32. fxg5+ Kxg5 33. Rd1 Re5 34. Kg1 Re2 35. Kf1 Rf8+ 0-1

[Event "GER HS-215 email"]
[Site "GER email"]
[Date "2016.11.07"]
[Round "?"]
[White "Preusse, Goetz"]
[Black "Semmler, Josef"]
[Result "1/2-1/2"]
[WhiteElo "1781"]
[BlackElo "1954"]
[PlyCount "72"]
[EventDate "2016.11.11"]
[EventType "tourn (corr)"]
[EventRounds "6"]
[EventCountry "GER"]
[SourceTitle "Corr 2020"]
[Source "ChessBase"]
[SourceDate "2019.09.30"]
[SourceVersion "1"]
[SourceVersionDate "2019.09.30"]
[SourceQuality "1"]

1. c4 Nf6 2. Nc3 e5 3. g3 Bb4 4. Bg2 0-0 5. Nf3 Re8 6. 0-0 d6 7. d3 Bxc3 8. bxc3 e4 9. Nd4 h6 10. Nc2 Nc6 11. Ne3 Na5 12. Qc2 Be6 13. Bb2 Rb8 14. Rfe1 b6 15. f3 exf3 16. exf3 Qd7 17. Re2 d5 18. cxd5 Nxd5 19. Nxd5 Bxd5 20. c4 Rxe2 21. Qxe2 Re8 22. Qd2 Be6 23. Qc3 f6 24. Re1 c5 25. f4 Kf8 26. Kf2 Nc6 27. a3 Rd8 28. Qc1 Ne7 29. Qe3 Bf5 30. Bf1 h5 31. Bc3 Bg6 32. h3 Nc6 33. Bb2 Qd6 34. Qe6 Qc7 35. Qe3 Qd7 36. Bc3 Re8 1/2-1/2

[Event "GER HS-214 email"]
[Site "GER email"]
[Date "2016.10.29"]
[Round "?"]
[White "Preusse, Goetz"]
[Black "Ott, Peter"]
[Result "0-1"]
[WhiteElo "1823"]
[BlackElo "1930"]
[PlyCount "66"]
[EventDate "2016.11.04"]
[EventType "tourn (corr)"]
[EventRounds "6"]
[EventCountry "GER"]
[SourceTitle "Corr 2020"]
[Source "ChessBase"]
[SourceDate "2019.09.30"]
[SourceVersion "1"]
[SourceVersionDate "2019.09.30"]
[SourceQuality "1"]

1. c4 f5 2. Nc3 Nf6 3. g3 g6 4. Nf3 Bg7 5. d4 0-0 6. Bg2 d6 7. 0-0 c6 8. Qd3 Na6 9. a3 Qe8 10. Rd1 e5 11. dxe5 dxe5 12. Qc2 Nc7 13. h3 e4 14. Nd4 Ne6 15. Be3 Qf7 16. b3 Nh5 17. Nxe6 Bxe6 18. Rac1 Qe7 19. b4 Qf7 20. Rd2 Be5 21. Na4 f4 22. gxf4 Bxf4 23. Qxe4 Rae8 24. Qf3 Qe7 25. Rcd1 Be5 26. Qe4 Bf5 27. Qf3 Bc7 28. Bh1 Qg7 29. Nc5 Bc8 30. Qg2 Rxe3 31. fxe3 Qh6 32. Rd3 Ng3 33. e4 Bxh3 0-1

[Event "GER MS-229 email"]
[Site "GER email"]
[Date "2015.11.01"]
[Round "?"]
[White "Preusse, Goetz"]
[Black "Mueller, Achim"]
[Result "0-1"]
[WhiteElo "1905"]
[BlackElo "2072"]
[PlyCount "78"]
[EventDate "2015.11.09"]
[EventType "tourn (corr)"]
[EventRounds "6"]
[EventCountry "GER"]
[SourceTitle "Corr 2022"]
[Source "ChessBase"]
[SourceDate "2021.10.24"]
[SourceVersion "1"]
[SourceVersionDate "2021.10.24"]
[SourceQuality "1"]

1. d4 Nf6 2. c4 g6 3. Nc3 Bg7 4. e4 d6 5. f3 0-0 6. Be3 c5 7. d5 e6 8. Bd3 Nbd7 9. dxe6 fxe6 10. Nge2 Ne5 11. 0-0 b6 12. Nf4 Qe7 13. Be2 Bb7 14. Qd2 Rad8 15. Rad1 Nf7 16. Rfe1 Nd7 17. Nb5 Nde5 18. Nxa7 Ra8 19. Nb5 Rxa2 20. Nc3 Ra5 21. Ra1 Nc6 22. Rxa5 Nxa5 23. Nb5 Rd8 24. Rb1 Ne5 25. b3 Bf6 26. Bf2 Nac6 27. Rd1 Nf7 28. Bf1 Bg5 29. Bg3 Ba6 30. h4 Bh6 31. h5 Qf6 32. hxg6 hxg6 33. Qc3 Nd4 34. Nxe6 Bxb5 35. Nxd4 cxd4 36. Qb4 Ne5 37. cxb5 Be3+ 38. Bf2 Nxf3+ 39. gxf3 Qxf3 0-1

[Event "GER MS-228 email"]
[Site "GER email"]
[Date "2015.10.08"]
[Round "?"]
[White "Humbek, Olav"]
[Black "Preusse, Goetz"]
[Result "1-0"]
[WhiteElo "1950"]
[BlackElo "1812"]
[PlyCount "51"]
[EventDate "2015.10.16"]
[EventType "tourn (corr)"]
[EventRounds "6"]
[EventCountry "GER"]
[SourceTitle "Corr 2020"]
[Source "ChessBase"]
[SourceDate "2019.09.30"]
[SourceVersion "1"]
[SourceVersionDate "2019.09.30"]
[SourceQuality "1"]

1. e4 e6 2. d3 d5 3. Nd2 Nf6 4. Ngf3 Be7 5. g3 0-0 6. Bg2 c5 7. 0-0 Qc7 8. Re1 Nc6 9. e5 Nd7 10. Qe2 b5 11. Nf1 Bb7 12. Bf4 h6 13. h4 d4 14. N1h2 Nb4 15. Qd2 h5 16. a3 Nc6 17. Qe2 a6 18. Nd2 g6 19. g4 hxg4 20. h5 Rab8 21. Nxg4 Kh8 22. Ne4 a5 23. Qd2 Rg8 24. Bg5 Bf8 25. Qf4 f5 26. Qh2 1-0

[Event "GER MS-228 email"]
[Site "GER email"]
[Date "2015.10.08"]
[Round "?"]
[White "Preusse, Goetz"]
[Black "Wuttke, Johannes"]
[Result "1/2-1/2"]
[WhiteElo "1812"]
[BlackElo "1941"]
[PlyCount "96"]
[EventDate "2015.10.16"]
[EventType "tourn (corr)"]
[EventRounds "6"]
[EventCountry "GER"]
[SourceTitle "Corr 2020"]
[Source "ChessBase"]
[SourceDate "2019.09.30"]
[SourceVersion "1"]
[SourceVersionDate "2019.09.30"]
[SourceQuality "1"]

1. e4 e5 2. Nf3 Nc6 3. Bb5 Nd4 4. Nxd4 exd4 5. 0-0 Bc5 6. Bc4 d6 7. c3 c6 8. b4 Bb6 9. Bb2 dxc3 10. Nxc3 Nf6 11. d4 0-0 12. Bb3 a5 13. bxa5 Rxa5 14. Qd3 Rh5 15. Rad1 h6 16. h3 Re8 17. Rfe1 Bc7 18. Re3 d5 19. e5 Nh7 20. f4 Nf8 21. Qf1 f6 22. Ba3 fxe5 23. fxe5 Ng6 24. Bc2 Nxe5 25. Rxe5 Bxe5 26. Bg6 Rxh3 27. Qf7+ Kh8 28. gxh3 Re6 29. Bb1 Bf6 30. Bc1 Qe7 31. Qxe7 Rxe7 32. Kg2 g5 33. Bg6 Kg7 34. Bh5 Bf5 35. Ne2 g4 36. Ng3 gxh3+ 37. Kh2 Bc8 38. Bf4 b6 39. a4 Ra7 40. Be8 Bg4 41. Rg1 Kh8 42. Bxc6 Bxd4 43. Rf1 h5 44. Bd6 Kh7 45. Bb8 Re7 46. Bxd5 Re8 47. Bd6 Rd8 48. Be4+ Kg8 1/2-1/2

[Event "GER-ch 2013-C email"]
[Site "GER email"]
[Date "2015.02.20"]
[Round "?"]
[White "Preusse, Goetz"]
[Black "Kotzem, Ernst"]
[Result "0-1"]
[WhiteElo "2172"]
[BlackElo "2409"]
[PlyCount "101"]
[EventDate "2015.??.??"]
[EventType "tourn (corr)"]
[EventRounds "10"]
[EventCountry "GER"]
[SourceTitle "Corr 2017"]
[Source "ChessBase"]
[SourceDate "2017.09.19"]
[SourceVersion "1"]
[SourceVersionDate "2017.09.19"]
[SourceQuality "1"]

1. e4 e5 2. Nf3 Nc6 3. Bb5 a6 4. Ba4 Nf6 5. 0-0 b5 6. Bb3 Bb7 7. Re1 Bc5 8. d3 d6 9. Nc3 Na5 10. Nh4 Nxb3 11. axb3 b4 12. Na4 Ba7 13. Nf5 g6 14. Nh6 Nh5 15. g3 Ng7 16. c3 Ne6 17. Qg4 d5 18. Qe2 f6 19. Be3 d4 20. cxd4 Nxd4 21. Bxd4 Bxd4 22. Rac1 a5 23. Nc5 Bc8 24. Rc2 Kf8 25. Ng4 h5 26. Ne3 Ra7 27. h4 Kg7 28. Rec1 Rf8 29. Kh2 Qd6 30. Kg2 c6 31. Rc4 Raf7 32. Na4 Qd7 33. Kg1 Qh3 34. Nc5 Kh6 35. Qe1 g5 36. Qf1 Qxf1+ 37. Kxf1 Bxe3 38. fxe3 gxh4 39. gxh4 Rg7 40. d4 Rg4 41. Ke2 Rxh4 42. Rf1 Rh2+ 43. Rf2 Rxf2+ 44. Kxf2 h4 45. d5 h3 46. Rc1 Rg8 47. Rg1 Rd8 48. Rd1 Kh5 49. Rd2 Rg8 50. Kf1 cxd5 51. exd5 0-1

[Event "GER-ch 2013-C email"]
[Site "GER email"]
[Date "2015.02.20"]
[Round "?"]
[White "Preusse, Goetz"]
[Black "Lelgemann, Ludwig"]
[Result "1/2-1/2"]
[WhiteElo "2172"]
[BlackElo "2236"]
[PlyCount "69"]
[EventDate "2015.??.??"]
[EventType "tourn (corr)"]
[EventRounds "10"]
[EventCountry "GER"]
[SourceTitle "Corr 2017"]
[Source "ChessBase"]
[SourceDate "2017.09.19"]
[SourceVersion "1"]
[SourceVersionDate "2017.09.19"]
[SourceQuality "1"]

1. e4 e6 2. d4 d5 3. Nc3 Bb4 4. e5 c5 5. a3 Bxc3+ 6. bxc3 Ne7 7. Nf3 Qa5 8. Bd2 c4 9. a4 Bd7 10. h4 Bxa4 11. h5 h6 12. Nh4 Qb5 13. Qc1 Nd7 14. Rh3 Rc8 15. Be2 Rc6 16. Rb1 Qa6 17. Re3 Rb6 18. Ra1 Rb5 19. Kf1 Ra5 20. Rg3 Rg8 21. Bg4 Nb8 22. Qb2 b6 23. Re3 Bd7 24. Ree1 Rxa1 25. Rxa1 Qb7 26. Qb1 Nbc6 27. Kg1 a5 28. Qb2 Qa6 29. Rb1 Nc8 30. Bc1 N6a7 31. f4 Qb5 32. Qa2 Qa4 33. Qb2 f5 34. exf6 gxf6 35. Bf3 1/2-1/2